Statistiche per Elenca la formazione - Quiz n°315

Clicka qui per fare il quiz!

Statistiche generali

  • Questo quiz è stato fatto 69 volte
  • Il punteggio medio è 5 su 11

Statistiche sulle risposte

RuoloClub dell'epocaCalciatore% Corretto
PortiereManchester CityJoe Hart
96%
AttaccanteManchester UnitedWayne Rooney
88%
CentrocampistaLiverpoolSteven Gerrard
80%
DifensoreChelseaJohn Terry
73%
DifensoreChelseaAshley Cole
50%
AttaccanteManchester UnitedDanny Welbeck
18%
CentrocampistaManchester CityJames Milner
18%
DifensoreManchester CityJoleon Lescott
18%
CentrocampistaManchester UnitedAshley Young
9%
DifensoreLiverpoolGlen Johnson
9%
CentrocampistaTottenhamScott Parker
5%

Distribuzione punteggi

Percentile per numero di risposta

Percentuale di utenti per punteggio

I tuoi punteggi nel tempo

Non hai fatto questo quiz